000 01329 a2200349 4500
001 37769
005 20260407155644.0
008 260407a2015 arg spa d
003 AR-UNSa-BCEJYS
040 _aAR-UNSa-BCEJYS
_bspa
_cAR-UNSa-BCEJYS
080 _a347.1/7(094.4)
_xCódigo Civil y Comercial
245 1 0 _aCódigo Civil y Comercial de la Nación
_paspectos relevantes para contadores
020 _a978-987-01-1902-9
264 1 _aBuenos Aires :
_bErrepar
_c2015
300 _a237 p.
_c21 cm.
505 _a1. Parte General - 2. Relaciones de Familia - 3. Derechos personales - 4. Derechos Reales - 5. Transmisión de Derechos por Causa de muerte - 6. Disposiciones comunes a los derechos personales y reales
041 _aspa
942 _cBK
590 _aniveau_biblio:m niveau_hierar:0
100 1 _aCaranta, Martín R.
700 1 _aFavier Dubois, Eduardo Mario (h)
700 1 _aCoronello, Silvina E.
700 1 _aPerciavalle, Marcelo L.
700 1 _aFolco, Carlos Maria
700 1 _aVolman, Mario
700 1 _aMartín, Julián A.
700 1 _aVidal Quera, Gastón F.
700 1 _aGarcía, Fernando D.
700 1 _aPapa, Rodolfo G.
700 1 _aCasal, Armando Miguel
856 4 1 _uhttps://biblioeco.unsa.edu.ar/pmb/images/libros/codCivilComercial.jpg
_yImagen de portada
_qimage/jpeg
999 _c2788
_d2788